Kỹ thuật nuôi trồng cấy lan

Đã lưu trong:
書目詳細資料
主要作者: Alberto Fanfani
格式: 圖書
語言:Undetermined
出版: Tp. HCM Nxb. Tp. HCM 2002
主題:
標簽: 添加標簽
沒有標簽, 成為第一個標記此記錄!
Thư viện lưu trữ: Trung tâm Học liệu Trường Đại học Cần Thơ
LEADER 00565nam a2200169Ia 4500
001 CTU_52423
008 210402s9999 xx 000 0 und d
082 |a 635.9344 
082 |b F211 
100 |a Alberto Fanfani 
245 0 |a Kỹ thuật nuôi trồng cấy lan 
245 0 |c Alberto Fanfani, Walter Rossi; Trần Văn Huân và Văn Tích Lượm biên dịch 
260 |a Tp. HCM 
260 |b Nxb. Tp. HCM 
260 |c 2002 
650 |a plants, ornamental,floriculture,orchids 
980 |a Trung tâm Học liệu Trường Đại học Cần Thơ